How to sell your home without a broker
With the high commissions being charged in today's housing market and the convenience of the Internet as a selling tool, many Americans find it more affordable to sell their own homes. This new edition of the indispensable home seller's how-to guide can save you thousands of dollars in rea...
Bewaard in:
| Hoofdauteur: | |
|---|---|
| Formaat: | Boek |
| Taal: | Undetermined |
| Gepubliceerd in: |
Hoboken, NJ
J. Wiley
2004
|
| Onderwerpen: | |
| Tags: |
Voeg label toe
Geen labels, Wees de eerste die dit record labelt!
|
| Thư viện lưu trữ: | Trung tâm Học liệu Trường Đại học Cần Thơ |
|---|
| LEADER | 01007nam a2200205Ia 4500 | ||
|---|---|---|---|
| 001 | CTU_165940 | ||
| 008 | 210402s9999 xx 000 0 und d | ||
| 020 | |c 19.95 | ||
| 082 | |a 643.12 | ||
| 082 | |b C273 | ||
| 100 | |a Carey, Bill | ||
| 245 | 0 | |a How to sell your home without a broker | |
| 245 | 0 | |c Bill Carey, Chantal Howell-Carey, Suzanne Kiffmann | |
| 260 | |a Hoboken, NJ | ||
| 260 | |b J. Wiley | ||
| 260 | |c 2004 | ||
| 520 | |a With the high commissions being charged in today's housing market and the convenience of the Internet as a selling tool, many Americans find it more affordable to sell their own homes. This new edition of the indispensable home seller's how-to guide can save you thousands of dollars in real estate fees and commissions by showing you how to successfully market, negotiate, close, and wrap up the sale of your home-without paying a broker's high fees. | ||
| 650 | |a House selling,Nhà bán | ||
| 904 | |i Năm | ||
| 980 | |a Trung tâm Học liệu Trường Đại học Cần Thơ | ||